[Event "5th EKA IIFL Investment 2019"]
[Site "Mumbai"]
[Date "2020.01.04"]
[Round "6.13"]
[White "Neverov, Valeriy"]
[Black "Pranesh M"]
[Result "1-0"]
[WhiteElo "2460"]
[BlackElo "2317"]
[Annotator "RC"]
[PlyCount "159"]
[EventDate "2019.12.30"]
[EventType "swiss"]
[EventCountry "IND"]
[SourceTitle "playchess.com"]
[Source "ChessBase"]
[SourceQuality "1"]
[TimeControl "40/5400+30:1800+30"]

1. d4 {[%emt 0:01:51]} Nf6 {[%emt 0:00:00]} 2. Nf3 {[%emt 0:00:42]} d5 {[%emt 0:00:00]} 3. c4 {[%emt 0:00:12]} e6 {[%emt 0:00:00]} 4. Bg5 {[%emt 0:01:08]} c6 {[%emt 0:00:34]} 5. e3 {[%emt 0:00:52]} Nbd7 {[%emt 0:01:49]} 6. Nc3 {[%emt 0:04:17]} Be7 {[%emt 0:00:42]} 7. Bd3 {[%emt 0:02:21]} h6 {[%emt 0:01:29]} 8. Bh4 {[%emt 0:02:04]} O-O {[%emt 0:01:31]} 9. O-O {[%emt 0:00:10]} b6 {[%emt 0:05:45]} 10. Qe2 {[%emt 0:04:52]} Ne4 {[%emt 0:01:29]} 11. cxd5 {[%emt 0:25:40]} exd5 {[%emt 0:01:29]} 12. Bg3 {[%emt 0:06:41]} f5 {[%emt 0:07:51]} 13. Rac1 {[%emt 0:03:31]} b5 {[%emt 0:06:38]} 14. Nd2 {[%emt 0:06:58]} Nxg3 {[%emt 0:15:03]} 15. hxg3 {[%emt 0:02:26]} Nb6 {[%emt 0:00:40]} 16. f4 {[%emt 0:01:11]} Be6 {[%emt 0:06:05]} 17. Nf3 {[%emt 0:02:17]} Nd7 {[%emt 0:06:57]} 18. Nd1 {[%emt 0:04:08]} Rc8 {[%emt 0:02:28]} 19. Nf2 {[%emt 0:00:16]} h5 {[%emt 0:05:00]} 20. Bb1 {[%emt 0:05:02]} g6 {[%emt 0:02:50]} 21. Nd3 {[%emt 0:00:07]} Kg7 {[%emt 0:00:58]} 22. Rc2 {[%emt 0:05:55]} Qb6 {[%emt 0:01:55]} 23. b4 {[%emt 0:01:15]} Qb7 {[%emt 0:02:13]} 24. Rfc1 {[%emt 0:02:49]} Nb6 {[%emt 0:00:21]} 25. Nc5 {[%emt 0:00:26]} Bxc5 {[%emt 0:00:23]} 26. Rxc5 {[%emt 0:00:09]} Nc4 {[%emt 0:02:57]} 27. Ne5 {[%emt 0:00:25]} Rc7 {[%emt 0:00:35]} 28. Bd3 {[%emt 0:02:09]} Ra8 {[%emt 0:01:58]} 29. a4 {[%emt 0:02:12]} a6 {[%emt 0:00:43]} 30. Rb1 {[%emt 0:02:11]} Nb6 {[%emt 0:00:48]} 31. Bc2 {[%emt 0:00:57]} Nd7 {[%emt 0:02:43]} 32. Rc3 {[%emt 0:02:16]} Nb6 {[%emt 0:00:07]} 33. Rc5 {[%emt 0:01:49]} Nd7 {[%emt 0:00:20]} 34. Rc3 {[%emt 0:00:07]} Nb6 {[%emt 0:00:01]} 35. Ra3 {[%emt 0:00:09]} Nc4 {[%emt 0:00:52]} 36. Ra2 {[%emt 0:00:13]} Qb6 {[%emt 0:01:39]} 37. Rba1 {[%emt 0:04:49]} Rca7 {[%emt 0:00:12]} 38. Qe1 {[%emt 0:02:03]} Bf7 {[%emt 0:01:33]} 39. Bd3 {[%emt 0:01:16]} Be8 {[%emt 0:01:36]} 40. Kf2 {[%emt 0:00:00]} Qb7 {[%emt 0:00:00]} 41. Qc3 {[%emt 0:08:16]} Qe7 {[%emt 0:08:27]} 42. Rb1 {[%emt 0:01:59]} Rb8 {[%emt 0:03:05]} 43. Qc1 {[%emt 0:03:50]} Rba8 {[%emt 0:06:01]} 44. Qc3 {[%emt 0:02:29]} Qb7 {[%emt 0:01:00]} 45. Raa1 {[%emt 0:01:25]} Qe7 {[%emt 0:01:55]} 46. Be2 {[%emt 0:01:09]} Qb7 {[%emt 0:05:48]} 47. Nd3 {[%emt 0:01:46]} Qb6 {[%emt 0:02:07]} 48. Ra2 {[%emt 0:02:50]} Re7 {[%emt 0:01:18]} 49. axb5 {[%emt 0:05:45]} cxb5 {[%emt 0:05:47]} 50. Ne5 {[%emt 0:00:21]} Rc7 {[%emt 0:01:13]} 51. Qb3 {[%emt 0:00:44]} Rca7 {[%emt 0:05:39]} 52. Rba1 {[%emt 0:00:29]} Qe6 {[%emt 0:00:56]} 53. Qc3 {[%emt 0:00:46]} Qd6 {[%emt 0:01:09]} 54. Qe1 {[%emt 0:00:16]} Qe7 {[%emt 0:02:01]} 55. Rb1 {[%emt 0:00:50]} Qd6 {[%emt 0:01:06]} 56. Rba1 {[%emt 0:01:28]} Qe7 {[%emt 0:00:23]} 57. Bf3 {[%emt 0:00:08]} Qd8 {[%emt 0:01:29]} 58. Nd3 {[%emt 0:01:14]} Bc6 {[%emt 0:01:48]} 59. Nc5 {[%emt 0:00:51]} Qe7 {[%emt 0:00:26]} 60. Bd1 {[%emt 0:02:46]} Re8 {[%emt 0:03:45]} 61. Re2 {[%emt 0:00:06]} Qf6 {[%emt 0:00:48]} 62. Rxa6 {[%emt 0:01:39]} Rae7 {[%emt 0:00:28]} 63. Nd3 {[%emt 0:00:30]} h4 {[%emt 0:02:28]} 64. Ne5 {[%emt 0:01:23]} hxg3+ {[%emt 0:00:12]} 65. Kxg3 {[%emt 0:00:40]} Rh8 {[%emt 0:00:23]} 66. Kf3 {[%emt 0:00:42]} g5 67. Qg3 {[%emt 0:00:26]} g4+ {[%emt 0:00:48]} 68. Kf2 {[%emt 0:00:07]} Nd6 {[%emt 0:00:06]} 69. Bc2 {[%emt 0:00:17]} Bb7 {[%emt 0:00:22]} 70. Rxd6 {[%emt 0:00:18]} Qxd6 {[%emt 0:00:03]} 71. Bxf5 {[%emt 0:00:01]} Kf6 {[%emt 0:00:27]} 72. Qxg4 {[%emt 0:01:06]} Rg7 {[%emt 0:00:03]} 73. Bg6 {[%emt 0:00:11]} Ke7 {[%emt 0:00:05]} 74. Rc2 {[%emt 0:00:47]} Rf8 {[%emt 0:00:14]} 75. Qh4+ {[%emt 0:01:13]} Rf6 {[%emt 0:00:01]} 76. f5 {[%emt 0:00:33]} Kf8 {[%emt 0:00:34]} 77. Qh8+ {[%emt 0:00:25]} Rg8 {[%emt 0:00:01]} 78. Nd7+ {[%emt 0:00:38]} Ke7 {[%emt 0:00:16]} 79. Qxg8 {[%emt 0:00:17]} Kxd7 {[%emt 0:00:03]} 80. Qe8# {[%emt 0:00:11]} 1-0

[Event "5th EKA IIFL Investment 2019"]
[Site "Mumbai"]
[Date "2020.01.04"]
[Round "6.14"]
[White "Muthaiah AL"]
[Black "Krishna C R G"]
[Result "1-0"]
[WhiteElo "2363"]
[BlackElo "2459"]
[Annotator "ChessBase"]
[PlyCount "69"]
[EventDate "2019.12.30"]
[EventType "swiss"]
[EventCountry "IND"]
[SourceTitle "playchess.com"]
[Source "ChessBase"]
[SourceQuality "1"]
[TimeControl "40/5400+30:1800+30"]

1. Nf3 {[%emt 0:00:00]} d5 {[%emt 0:01:42]} 2. g3 {[%emt 0:00:38]} c6 {[%emt 0:00:36]} 3. Bg2 {[%emt 0:00:27]} Bg4 {[%emt 0:00:13]} 4. h3 {[%emt 0:00:37]} Bh5 {[%emt 0:00:07]} 5. O-O {[%emt 0:01:24]} Nd7 {[%emt 0:00:21]} 6. d3 {[%emt 0:01:14]} e6 {[%emt 0:00:08]} 7. e4 Bd6 {[%emt 0:02:33]} 8. exd5 {[%emt 0:02:45]} cxd5 {[%emt 0:03:38]} 9. c4 {[%emt 0:01:28]} Ngf6 {[%emt 0:02:20]} 10. Nc3 {[%emt 0:01:34]} O-O {[%emt 0:11:18]} 11. cxd5 {[%emt 0:04:29]} exd5 {[%emt 0:07:52]} 12. d4 {[%emt 0:02:59]} Qa5 {[%emt 0:21:50]} 13. Bd2 {[%emt 0:09:36]} Qb6 {[%emt 0:04:46]} 14. Qb3 {[%emt 0:03:10]} Qxb3 {[%emt 0:11:05]} 15. axb3 {[%emt 0:00:18]} Bg6 {[%emt 0:00:08]} 16. Nb5 {[%emt 0:09:08]} Bb8 {[%emt 0:00:11]} 17. Rfc1 {[%emt 0:00:25]} b6 {[%emt 0:26:19]} 18. Nc7 {[%emt 0:07:23]} Bxc7 {[%emt 0:00:02]} 19. Rxc7 {[%emt 0:00:11]} a5 {[%emt 0:00:03]} 20. Ne5 {[%emt 0:01:29]} Bf5 {[%emt 0:00:01]} 21. g4 {[%emt 0:07:00]} Be6 {[%emt 0:00:02]} 22. f4 {[%emt 0:00:39]} g6 {[%emt 0:01:03]} 23. Nxd7 {[%emt 0:06:29]} Nxd7 {[%emt 0:00:11]} 24. Rf1 {[%emt 0:00:06]} Nf6 {[%emt 0:02:17]} 25. f5 {[%emt 0:00:07]} gxf5 {[%emt 0:00:04]} 26. gxf5 {[%emt 0:00:07]} Bc8 {[%emt 0:00:57]} 27. Bg5 {[%emt 0:01:48]} Kg7 {[%emt 0:02:11]} 28. Kh2 {[%emt 0:05:36]} Ba6 {[%emt 0:01:27]} 29. Rc6 {[%emt 0:03:46]} Ng8 {[%emt 0:00:02]} 30. Rg1 {[%emt 0:01:23]} Rac8 {[%emt 0:01:02]} 31. Bxd5 {[%emt 0:06:17]} Rxc6 {[%emt 0:00:02]} 32. Be7+ {[%emt 0:03:57]} Kh8 {[%emt 0:00:01]} 33. Bxf8 {[%emt 0:00:10]} Rc2+ {[%emt 0:00:02]} 34. Kh1 {[%emt 0:00:18]} h6 {[%emt 0:00:16]} 35. Bxf7 {[%emt 0:00:12]} 1-0

[Event "5th EKA IIFL Investment 2019"]
[Site "Mumbai"]
[Date "2020.01.04"]
[Round "6.15"]
[White "Subhayan Kundu"]
[Black "Nguyen, Van Huy"]
[Result "1-0"]
[WhiteElo "2222"]
[BlackElo "2457"]
[Annotator "ChessBase"]
[PlyCount "82"]
[EventDate "2019.12.30"]
[EventType "swiss"]
[EventCountry "IND"]
[SourceTitle "playchess.com"]
[Source "ChessBase"]
[SourceQuality "1"]
[TimeControl "40/5400+30:1800+30"]

1. e4 {[%emt 0:00:00]} c6 {[%emt 0:00:04]} 2. Nc3 {[%emt 0:00:41]} d5 {[%emt 0:00:23]} 3. Nf3 {[%emt 0:00:10]} Bg4 {[%emt 0:00:19]} 4. h3 {[%emt 0:00:07]} Bh5 {[%emt 0:00:49]} 5. exd5 {[%emt 0:00:23]} cxd5 {[%emt 0:00:07]} 6. g4 {[%emt 0:00:29]} Bg6 {[%emt 0:00:09]} 7. Bb5+ {[%emt 0:00:03]} Nc6 {[%emt 0:00:07]} 8. Ne5 {[%emt 0:00:08]} Rc8 {[%emt 0:00:12]} 9. d4 {[%emt 0:00:05]} e6 {[%emt 0:00:32]} 10. Qe2 {[%emt 0:00:04]} Bd6 {[%emt 0:02:52]} 11. Nxg6 {[%emt 0:01:20]} hxg6 {[%emt 0:01:03]} 12. Nxd5 {[%emt 0:00:10]} Kf8 {[%emt 0:00:04]} 13. Bxc6 {[%emt 0:00:15]} Rxc6 {[%emt 0:00:00]} 14. Ne3 {[%emt 0:00:35]} Bb8 {[%emt 0:12:11]} 15. d5 exd5 {[%emt 0:00:30]} 16. Bd2 {[%emt 0:22:43]} Nf6 {[%emt 0:06:06]} 17. O-O-O {[%emt 0:00:58]} Kg8 {[%emt 0:02:54]} 18. Qd3 {[%emt 0:09:42]} Bf4 {[%emt 0:08:34]} 19. Kb1 {[%emt 0:08:04]} Qb6 {[%emt 0:12:55]} 20. f3 {[%emt 0:07:22]} Kh7 {[%emt 0:06:53]} 21. h4 {[%emt 0:08:25]} Re8 {[%emt 0:06:07]} 22. Nxd5 {[%emt 0:10:53]} Nxd5 {[%emt 0:00:56]} 23. h5 {[%emt 0:00:03]} Rd8 {[%emt 0:21:08]} 24. hxg6+ Kg8 25. gxf7+ {[%emt 0:08:21]} Kxf7 {[%emt 0:00:47]} 26. Qf5+ {[%emt 0:00:09]} Rf6 {[%emt 0:00:49]} 27. Qh5+ {[%emt 0:00:04]} Rg6 {[%emt 0:02:01]} 28. Qf5+ {[%emt 0:00:36]} Rf6 {[%emt 0:00:11]} 29. Qh5+ {[%emt 0:00:05]} Rg6 {[%emt 0:00:04]} 30. Qf5+ {[%emt 0:00:05]} Qf6 {[%emt 0:01:31]} 31. Bxf4 Qxf5 {[%emt 0:03:56]} 32. gxf5 {[%emt 0:00:13]} Rc6 {[%emt 0:00:07]} 33. Rd4 {[%emt 0:04:53]} b5 {[%emt 0:00:22]} 34. Be5 {[%emt 0:04:24]} Rc4 {[%emt 0:01:28]} 35. Rd2 {[%emt 0:04:52]} Rc5 {[%emt 0:02:33]} 36. Rhd1 {[%emt 0:00:18]} b4 {[%emt 0:01:03]} 37. f4 {[%emt 0:00:48]} Rh8 {[%emt 0:00:45]} 38. a3 {[%emt 0:00:36]} Nf6 {[%emt 0:00:50]} 39. axb4 Rb5 40. Rd6 {[%emt 0:00:00]} Rh6 {[%emt 0:00:00]} 41. Ra6 {[%emt 0:04:55]} Rb7 {[%emt 0:01:49]} 1-0

[Event "5th EKA IIFL Investment 2019"]
[Site "Mumbai"]
[Date "2020.01.04"]
[Round "6.16"]
[White "Rahman, Ziaur"]
[Black "Srijit, Paul"]
[Result "1-0"]
[WhiteElo "2440"]
[BlackElo "2318"]
[Annotator "TA"]
[PlyCount "101"]
[EventDate "2019.12.30"]
[EventType "swiss"]
[EventCountry "IND"]
[SourceTitle "playchess.com"]
[Source "ChessBase"]
[SourceQuality "1"]

{[%evp 9,101,34,39,33,38,36,38,31,41,30,41,34,41,36,41,14,47,48,37,43,44,33,64,39,27,29,85,106,105,80,104,106,110,127,125,136,135,135,134,130,130,124,139,133,122,120,131,129,146,117,142,70,136,0,139,140,138,136,237,101,131,137,120,141,119,139,129,134,134,115,120,114,212,160,146,147,154,141,305,280,431,430,470,462,477,462,500,477,574,566,12826,5465,2375,1500]} 1. d4 f5 2. c4 Nf6 3. e3 d6 4. Nf3 g6 5. b4 Bg7 6. Bb2 {A84: Dutch Defence: 2 c4 Miscellaneous} O-O 7. Be2 e6 8. Nc3 {White is slightly better.} a5 9. b5 Qe7 $146 ({Predecessor:} 9... Nbd7 10. O-O {0-1 (47) Kempinski,R (2620)-Anton Guijarro,D (2607) Germany 2014}) 10. O-O Nbd7 11. Rc1 b6 12. Na4 Ne4 13. Nd2 Bb7 14. Nxe4 fxe4 15. Bg4 Rae8 16. g3 Rf7 17. Qc2 c5 (17... Qg5 $11 18. Bh3 Qh5) 18. bxc6 $16 Bxc6 19. Nc3 Nf6 20. Bh3 g5 21. Ba3 Bf8 22. Rb1 Qb7 23. Qb3 g4 24. Bg2 Rb8 25. Rfc1 d5 26. Bxf8 Rfxf8 27. cxd5 Bxd5 28. Qa3 Rfc8 29. Bf1 Kg7 30. Nb5 ({White should try} 30. h3 $16) 30... Ne8 ({Black should play} 30... Qd7 $14) 31. Nc3 Nf6 32. h4 gxh3 33. Bxh3 Bc4 (33... Qd7 $16 {was worth a try.} 34. Nxd5 Nxd5) 34. Qd6 (34. Nb5 $18 {and White stays clearly on top. aiming for Nd6.} Bxb5 35. Rxb5) 34... Bd3 35. Ra1 Rc6 36. Qe5 Re8 37. Nb5 Bxb5 38. Qxb5 Rec8 39. Qg5+ Kf7 40. Rf1 Qc7 (40... Rc2 $16) 41. Rab1 {[%cal Ba1b1,Bb1b5,Bb5e5][%mdl 32]} Rg8 42. Qh4 Rg6 43. Rb5 Rc1 $2 {[#]} (43... Kg7 $16 44. Re5 Qf7) 44. Re5 Rxf1+ (44... Rc6 $142 45. Qf4 b5 46. Rxb5 Qxf4 47. exf4 Rh6) 45. Kxf1 $18 {White is clearly winning.} ({Less strong is} 45. Bxf1 Qc2 $14) 45... Qc4+ 46. Kg2 Qe2 {Now ...Qf3+ and Black clings on.} 47. Bxe6+ Kg7 {and the idea ...Qf3+ leaves Black hopeful.} 48. Qf4 a4 49. Rf5 {[#] Hoping for Qd6.} b5 50. Qc7+ (50. Qd6 $142 Qf3+ 51. Rxf3 exf3+ 52. Kxf3) 50... Kh6 51. Bf7 {Accuracy: White = 69%, Black = 40%.} 1-0

[Event "5th EKA IIFL Investment 2019"]
[Site "Mumbai"]
[Date "2020.01.04"]
[Round "6.17"]
[White "Aleksandrov, Aleksej"]
[Black "Manish Anto Cristiano F"]
[Result "1-0"]
[WhiteElo "2592"]
[BlackElo "2280"]
[Annotator "TA"]
[PlyCount "49"]
[EventDate "2019.12.30"]
[EventType "swiss"]
[EventCountry "IND"]
[SourceTitle "playchess.com"]
[Source "ChessBase"]
[SourceQuality "1"]

{[%evp 18,49,16,24,51,26,58,38,51,69,66,67,102,124,111,122,96,102,184,205,206,-22,-22,-46,31,29,31,40,40,0,33,29,1135,1137]} 1. d4 Nf6 2. c4 e6 3. Nc3 Bb4 4. g3 d5 5. Bg2 O-O 6. Nf3 c5 7. dxc5 dxc4 8. O-O Bxc5 9. Qa4 Nbd7 10. Qxc4 Qe7 {E02: Open Catalan: 5 Qa4+} 11. Rd1 (11. Bg5 h6 12. Bxf6 Nxf6 13. Rac1 Bd7 14. Ne5 Rfc8 15. Qb3 Rab8 16. Nxd7 {½-½ (16) Krivonosov,O (2390)-Michaelsen,N (2405) Germany 2019}) 11... Nb6 12. Qh4 h6 {White is slightly better.} 13. Bd2 $146 ({Predecessor:} 13. Ne4 Nxe4 14. Qxe4 Nd5 15. Ne5 Qc7 16. Nd3 Bb6 17. Qf3 Rd8 18. e4 {1-0 (40) Telljohann,S-Weber,K Germany 1993}) 13... Rd8 14. g4 Nh7 15. g5 hxg5 16. Nxg5 Nf8 17. Nce4 Bd4 (17... f6 $16) 18. e3 $1 $18 {[%cal Re3d4]} Bxb2 {[#]} 19. Rab1 $2 (19. Bb4 $1 $18 {[%cal Rb4e7][%mdl 512]} Bxa1 (19... Qxb4 20. Rxd8) 20. Bxe7 Rxd1+ 21. Bf1) 19... Ba3 $1 $11 20. Bc3 {aiming for Rxd8.} Nd5 (20... Rxd1+ $15 21. Rxd1 f6) 21. Ba1 $1 $14 {[%mdl 1024] White has compensation.} f6 22. Nh3 $1 $40 {[%mdl 128] Black needs to defend precisely.} Nh7 23. Rd3 Qf8 24. Ng3 {Strongly threatening Be4.} Nb6 $2 {[%mdl 8192] [#]} (24... Be7 $11) 25. Be4 $1 {[%mdl 512] Accuracy: White = 72%, Black = 32%.} 1-0

[Event "5th EKA IIFL Investment 2019"]
[Site "Mumbai"]
[Date "2020.01.04"]
[Round "6.18"]
[White "David, Alberto"]
[Black "Neelash Saha"]
[Result "1-0"]
[WhiteElo "2545"]
[BlackElo "2356"]
[Annotator "TA"]
[PlyCount "155"]
[EventDate "2019.12.30"]
[EventType "swiss"]
[EventCountry "IND"]
[SourceTitle "playchess.com"]
[Source "ChessBase"]
[SourceQuality "1"]

{[%evp 18,179,28,11,23,13,19,26,47,29,50,0,0,4,19,0,0,0,-8,-10,0,-16,0,0,0,0,-9,-8,44,41,53,39,79,75,64,62,68,67,87,75,183,175,270,266,278,201,194,208,172,205,196,171,277,298,322,323,299,336,333,306,314,320,320,312,298,285,302,339,290,318,346,345,337,277,502,500,469,481,218,476,459,459,412,383,360,318,1772,1752,1556,1293,1128,960,1319,860,1755,847,29956,29942,29951,29957,29954,29957,29958,29960,29959,29957,29970,29971,29971,29972,29972,29973,29973,29974,29974,29975,29975,29976,29976,29973,29973,29974,29974,29965,29961,0,29974,29975,29975,29976,29976,29975,29975,29976,29976,29976,29978,29978,29978,29977,29977,29973,29972,29972,29971,29968,29967,29969,29971,29972,29976,29977,29976,29977,29977,29978,29977,29978,29979,29980,29980,29981,29988,29989]} 1. d4 Nf6 2. c4 e6 3. Nc3 d5 4. cxd5 exd5 5. Bg5 Nbd7 6. e3 Be7 7. Bd3 c6 8. Nge2 O-O 9. Qc2 Re8 10. f3 Nf8 {D36: Queen's Gambit Declined: Exchange Variation: Main line (5 Bg5 c6 6 Qc2)} (10... c5 11. O-O h6 12. Bh4 Nf8 13. Rad1 c4 14. Bf5 Bxf5 15. Qxf5 Qd7 16. Qxd7 N8xd7 17. Bxf6 Nxf6 18. e4 dxe4 19. fxe4 Rad8 20. Nf4 Bb4 {½-½ (28) Kryvoruchko,Y (2711)-Kravtsiv,M (2623) Lvov 2015}) 11. Bh4 c5 12. O-O Be6 {White has an edge.} 13. Rad1 Rc8 14. Kh1 c4 15. Bf5 Qd7 16. Bxe6 fxe6 17. Bxf6 Bxf6 18. e4 Ng6 $146 19. e5 Bd8 20. f4 Rf8 21. g4 Nh4 22. Ng3 Qc6 ({Better is} 22... b5 $11) 23. f5 Bg5 24. Nce2 Rf7 {[#]} 25. Nf4 $1 {[%cal Rf4e6]} Bxf4 26. Rxf4 Rcf8 27. Rdf1 Qd7 28. R4f2 Qe7 (28... b5 $16) 29. Qd2 $18 Kh8 (29... h6 {was called for.} 30. Qe2 Qg5) 30. Qe3 b5 {[#]} 31. f6 $1 {[%mdl 512]} gxf6 32. exf6 Qd6 33. Nh5 Ng6 34. Re1 Re8 (34... Kg8 $142 35. a3 (35. Qxe6 Qxe6 36. Rxe6 Rc7 $16) 35... a5) 35. Ng7 Rxg7 36. fxg7+ Kxg7 37. h4 {h5 is the strong threat.} Rf8 38. Rxf8 Nxf8 {[%mdl 4096] Endgame KQR-KQN} 39. Rf1 {Threatens to win with Qg5+.} Qe7 40. g5 Nd7 41. Qf4 Qf8 42. Qxf8+ Nxf8 {KR-KN} 43. Rf6 h5 44. a4 bxa4 45. Kh2 Ng6 $2 (45... Kg8 {is a better defense.} 46. Kg2 Kg7) 46. Rxe6 Nxh4 47. Rf6 a3 48. bxa3 c3 {intending ...c2.} 49. Kh3 c2 50. Rc6 Nf3 51. Rxc2 Kg6 $2 (51... Nxg5+ 52. Kh4 {[%mdl 64] Double Attack} Nf3+ 53. Kxh5 Nxd4) 52. Rc5 Nxg5+ 53. Kg2 Ne6 54. Ra5 Kf6 55. Kg3 Nxd4 56. Rxd5 {[%mdl 64] Double Attack} Nc2 57. a4 h4+ 58. Kxh4 Ke6 59. Ra5 Kd6 60. Kg4 Kc6 61. Kf4 Kb6 62. Rb5+ Ka6 63. Ke4 Nd4 64. Rc5 Nb3 65. Rd5 Nc1 66. Kd4 Nb3+ 67. Kc3 Na5 68. Kb4 Nc6+ 69. Kc5 Nb8 70. Kd6 Nc6 71. Kc5 Nb8 $1 72. Rd8 {White mates.} Kb7 73. Kb5 a6+ 74. Kc5 Kc7 75. Rh8 Nd7+ 76. Kb4 Kb6 77. Rh6+ Kb7 {[#]} 78. Rd6 {Played: Rh6-h7} 1-0

[Event "5th EKA IIFL Investment 2019"]
[Site "Mumbai"]
[Date "2020.01.04"]
[Round "6.19"]
[White "Debashis, Das"]
[Black "Girinath, P.D.S."]
[Result "1-0"]
[WhiteElo "2523"]
[BlackElo "2330"]
[Annotator "ChessBase"]
[PlyCount "104"]
[EventDate "2019.12.30"]
[EventType "swiss"]
[EventCountry "IND"]
[SourceTitle "playchess.com"]
[Source "ChessBase"]
[SourceQuality "1"]
[TimeControl "40/5400+30:1800+30"]

1. d4 {[%emt 0:00:00]} Nf6 {[%emt 0:03:41]} 2. c4 {[%emt 0:00:00]} g6 {[%emt 0:00:45]} 3. Nf3 {[%emt 0:00:14]} Bg7 {[%emt 0:00:36]} 4. Nc3 {[%emt 0:00:56]} O-O {[%emt 0:01:07]} 5. e4 {[%emt 0:00:07]} d6 {[%emt 0:00:22]} 6. Be3 {[%emt 0:00:35]} Na6 {[%emt 0:05:01]} 7. Be2 {[%emt 0:00:48]} e5 {[%emt 0:02:23]} 8. O-O {[%emt 0:00:09]} c6 {[%emt 0:16:57]} 9. d5 {[%emt 0:00:57]} Nc5 {[%emt 0:06:24]} 10. Nd2 {[%emt 0:08:06]} a5 {[%emt 0:00:49]} 11. a3 {[%emt 0:01:39]} Ncd7 {[%emt 0:17:27]} 12. b4 {[%emt 0:04:07]} c5 {[%emt 0:00:22]} 13. Qb3 b6 {[%emt 0:05:14]} 14. Rfb1 {[%emt 0:07:19]} Ne8 {[%emt 0:00:10]} 15. bxa5 {[%emt 0:11:51]} bxa5 {[%emt 0:00:19]} 16. Ra2 {[%emt 0:11:59]} f5 {[%emt 0:00:11]} 17. f3 {[%emt 0:00:12]} Bf6 {[%emt 0:02:32]} 18. exf5 {[%emt 0:04:46]} gxf5 {[%emt 0:00:33]} 19. Qc2 {[%emt 0:01:44]} Bg5 {[%emt 0:02:01]} 20. Nf1 {[%emt 0:00:15]} Bxe3+ {[%emt 0:12:31]} 21. Nxe3 {[%emt 0:00:06]} Qg5 {[%emt 0:00:21]} 22. Qd2 {[%emt 0:03:10]} e4 {[%emt 0:04:12]} 23. Ned1 {[%emt 0:08:23]} Qxd2 {[%emt 0:06:07]} 24. Rxd2 {[%emt 0:00:08]} exf3 {[%emt 0:00:41]} 25. gxf3 {[%emt 0:00:06]} f4 {[%emt 0:00:23]} 26. Nf2 {[%emt 0:01:45]} Ne5 {[%emt 0:01:47]} 27. Nfe4 {[%emt 0:00:52]} Ra7 {[%emt 0:03:35]} 28. Kf2 {[%emt 0:00:48]} Rg7 {[%emt 0:00:50]} 29. Rg1 {[%emt 0:12:09]} Rxg1 {[%emt 0:01:06]} 30. Kxg1 {[%emt 0:00:04]} Rf7 {[%emt 0:02:10]} 31. Rb2 {[%emt 0:01:00]} Rb7 {[%emt 0:00:50]} 32. Rxb7 {[%emt 0:05:14]} Bxb7 {[%emt 0:00:07]} 33. Nb5 {[%emt 0:00:06]} Nf7 {[%emt 0:00:53]} 34. Nd2 {[%emt 0:01:03]} Bc8 {[%emt 0:01:13]} 35. Nb3 {[%emt 0:02:03]} a4 {[%emt 0:00:16]} 36. Nd2 {[%emt 0:01:01]} Kf8 {[%emt 0:02:37]} 37. Nc3 {[%emt 0:02:15]} Bd7 {[%emt 0:00:47]} 38. Bd1 {[%emt 0:00:06]} Ke7 {[%emt 0:00:41]} 39. Ne2 {[%emt 0:02:51]} Ne5 {[%emt 0:00:47]} 40. Nxf4 {[%emt 0:00:00]} Nc7 {[%emt 0:00:00]} 41. Bc2 {[%emt 0:04:55]} h6 {[%emt 0:01:07]} 42. Kf2 {[%emt 0:01:12]} Na8 {[%emt 0:01:06]} 43. Ng2 {[%emt 0:07:10]} Nb6 {[%emt 0:00:54]} 44. Ne3 {[%emt 0:00:07]} Bc8 {[%emt 0:01:01]} 45. Ke2 {[%emt 0:04:53]} Ba6 {[%emt 0:05:47]} 46. Bd3 {[%emt 0:00:21]} Bc8 {[%emt 0:01:19]} 47. f4 {[%emt 0:05:54]} Ng4 {[%emt 0:11:15]} 48. Ndf1 {[%emt 0:10:55]} Kf6 {[%emt 0:01:48]} 49. Ng2 {[%emt 0:02:17]} Ke7 {[%emt 0:01:11]} 50. Nh4 {[%emt 0:01:44]} Nf6 {[%emt 0:04:22]} 51. Ne3 {[%emt 0:00:21]} Ng8 {[%emt 0:00:54]} 52. Nhf5+ {[%emt 0:00:46]} Bxf5 {[%emt 0:01:02]} 1-0

[Event "5th EKA IIFL Investment 2019"]
[Site "Mumbai"]
[Date "2020.01.04"]
[Round "6.19"]
[White "Debashis, Das"]
[Black "Girinath, P.D.S."]
[Result "*"]
[WhiteElo "2523"]
[BlackElo "2330"]
[Annotator "ChessBase"]
[PlyCount "47"]
[EventDate "2019.12.30"]
[EventType "swiss"]
[EventCountry "IND"]
[SourceTitle "playchess.com"]
[Source "ChessBase"]
[SourceQuality "1"]
[TimeControl "40/5400+30:1800+30"]

1. d4 {[%emt 0:00:00]} Nf6 {[%emt 0:03:41]} 2. c4 {[%emt 0:00:00]} g6 {[%emt 0:00:45]} 3. Nf3 {[%emt 0:00:14]} Bg7 {[%emt 0:00:36]} 4. Nc3 {[%emt 0:00:56]} O-O {[%emt 0:01:07]} 5. e4 {[%emt 0:00:07]} d6 {[%emt 0:00:22]} 6. Be3 {[%emt 0:00:35]} Na6 {[%emt 0:05:01]} 7. Be2 {[%emt 0:00:48]} e5 {[%emt 0:02:23]} 8. O-O {[%emt 0:00:09]} c6 {[%emt 0:16:57]} 9. d5 {[%emt 0:00:57]} Nc5 {[%emt 0:06:24]} 10. Nd2 {[%emt 0:08:06]} a5 {[%emt 0:00:49]} 11. a3 {[%emt 0:01:39]} Ncd7 {[%emt 0:17:27]} 12. b4 {[%emt 0:04:07]} c5 {[%emt 0:00:22]} 13. Qb3 b6 {[%emt 0:05:14]} 14. Rfb1 {[%emt 0:07:19]} Ne8 {[%emt 0:00:10]} 15. bxa5 {[%emt 0:11:51]} bxa5 {[%emt 0:00:19]} 16. Ra2 {[%emt 0:11:59]} f5 {[%emt 0:00:11]} 17. f3 {[%emt 0:00:12]} Bf6 {[%emt 0:02:32]} 18. Qc2 {[%emt 0:06:00]} Bg5 {[%emt 0:02:04]} 19. Nf1 {[%emt 0:00:15]} Bxe3+ {[%emt 0:12:31]} 20. Nxe3 {[%emt 0:00:06]} Qg5 {[%emt 0:00:21]} 21. Qd2 {[%emt 0:03:10]} fxe4 {[%emt 0:04:12]} 22. Ned1 {[%emt 0:08:23]} Qxd2 {[%emt 0:06:07]} 23. Rxd2 {[%emt 0:00:08]} exf3 {[%emt 0:00:41]} 24. gxf3 {[%emt 0:00:06]} *